| 000 | 00859 a2200229 4500 | ||
|---|---|---|---|
| 008 | 080820t xxu||||| |||| 00| 0 eng d | ||
| 010 | _aENG-84846 | ||
| 020 |
_a8185396620 _c450.00 |
||
| 035 | _aEN-68379 | ||
| 037 | _bD.B.Act / Pub | ||
| 082 | _a658.3 | ||
| 100 | _aMalhotra Abhishek | ||
| 245 |
_aPrinciples and practices of personnel management _cby Abhishek Malhotra |
||
| 250 | _a1st ed. | ||
| 260 |
_aDelhi _bS. S. Publishers _c2007 |
||
| 270 |
_aIX/5572, West Seelampur, Gandhi Nagar _bDelhi _cDelhi _e110031 _k22433202 |
||
| 300 |
_a285p. _c21 cm. (Hb) |
||
| 500 | _aIncludes index | ||
| 650 | _a Personnel management | ||
| 942 |
_adpl _cEN _k658.3 / MAL _2ddc _h658.3 _m MAL |
||
| 999 |
_c588 _d588 |
||